Fr. Conceicao Rodrigues College of Engineering

Wise and otherwise (Record no. 32820)

MARC details
000 -LEADER
fixed length control field 00280nam a2200145Ia 4500
100 ## - MAIN ENTRY--PERSONAL NAME
Personal name Sudha Murthy
245 ## - TITLE STATEMENT
Title Wise and otherwise
260 ## - PUBLICATION, DISTRIBUTION, ETC.
Name of publisher, distributor, etc. Penquin books
Date of publication, distribution, etc. 2006
366 ## - TRADE AVAILABILITY INFORMATION
Publishers's discount category 20
300 ## - PHYSICAL DESCRIPTION
Extent 132
546 ## - LANGUAGE NOTE
Language note ENGLISH
650 ## - SUBJECT ADDED ENTRY--TOPICAL TERM
Topical term or geographic name entry element General
942 ## - ADDED ENTRY ELEMENTS (KOHA)
Koha item type BOOK
Holdings
Withdrawn status Lost status Damaged status Not for loan Collection Home library Current library Date acquired Source of acquisition Cost, normal purchase price Inventory number Total Checkouts Full call number Barcode Date last seen Cost, replacement price Price effective from Koha item type
        CRC Fr. Agnel's C.Rodrigues College of Engineering Fr. Agnel's C.Rodrigues College of Engineering 17/03/2023 Book Sense 120.00 92 dt 10/10/2008   19020 17/03/2023 150.00   BOOK